00774 2200229 4500001002100000005001700021008004100038035002500079040001200104082001400116084001900130100002700149245012300176260004700299300003100346500005300377504002500430650003800455700002100493850001200514990001800526INLIS00000000001088520150821104419.0  a0010-081500000002323 aYOPDYOG 223a910.2 aSK 910.2 Eka P aEKA Wijayanti Paramita aPotensi Objek Wisata Alam Gua cermai di Kabupaten Bantul Provinsi Daerah Istimewa Yogyakartac/ Eka Wijayanti Paramita aSurakartabUniversitas Sebelas Maretc2006 axii, 57 lembarc; 29,5 cm. aLaporan Tugas Akhir Fakultas Satra dan Seni Rupa aBibliografi: hlm. 57 aPariwisata, Industri - Yogyakarta aSRI Wahyuningsih aYOPDYOG a48761-PD/A.15